000 02733nam a2200217Ia 4500
008 180910s9999 xx 000 0 und d
100 1 _aالبيطار، بلال ملحم
_gدبلوم تنمية اقتصادية واجتماعية
245 1 0 _aعمالة الاطفال واقعها والآثار المترتبة عنها في منطقة البقاع الاوسط
260 _aبيروت
_bالجامعة اللبنانية - معهد العلوم الاجتماعية
_c2014
300 _a156 pages
500 _aالنوع : رسالة
520 3 _aتهدف الدراسة إلى معرفة الأسباب التي دفعت الأولاد إلى ترك مقاعد الدراسة والإلتحاق بسوق العمل، وإن كان يشكل عمل الأطفال حلا لجزء من معاناتهم الاجتماعية والاقتصادية أم على العكس يزيد من تعقيدها، وما مدى العلاقة بين عمالة الأطفال وسلوكهم المنحرف. إعتمدت الدراسة المنهج الوصفي، وشملت العينة 150 طفلاً وطفلة من الأطفال العاملين في منطقة البقاع الأوسط في مدينة زحلة وجوارها، واستخدمت تقنية الاستمارة والمقابلة مع أرباب العمل وبعض الناشطين في المجتمع المدني ومع عدد من أهالي الأطفال. بينت النتائج أن التفكك الإجتماعي للأسرة والمشاكل الناجمة عنه يشكل الدافع الرئيسي لعمالة الأطفال، كما أن جهل الأهل وبعض أرباب العمل بالقوانين التي ترعى حقوق الأطفال وتمنع تشغيلهم قد يساهم في انخراط الأطفال في سوق العمل. بالإضافة إلى تعرض رب الأسرة لبعض المشاكل الإجتماعية كالمرض والتهجير أو الوفاة، والمشاكل الاقتصادية تشكل أسبابا هامة ودوافع أساسية لعمالة الأطفال، فضلاً عن تدني المستوى التعليمي والتسرب المدرسي قد يكون من الأسباب الرئيسية لعمالة الأطفال، بالإضافة إلى أن عمل الأطفال قد يؤدي إلى الانحراف في سلوكهم.
650 4 _aBekaa Awsat
650 4 _aBekaa Awsat
650 4 _aChild Labor
650 4 _aTravail des enfants
650 4 _aالبقاع الاوسط
650 4 _aعمالة الاطفال وأطفال الشوارع
856 _zالجامعة اللبنانية - عمادة معهد العلوم الاجتماعية
942 _cLAESDATA
999 _c21177
_d21177